Statistics for All iPhones Ever Released (So Far)

Click here to take the quiz!

General Stats

  • This quiz has been taken 887 times
    (210 since last reset)
  • The average score is 29 of 38

Answer Stats

HintAnswer% Correct
2007IPhone
100%
2017IPhone X
97%
2019IPhone 11
95%
2020IPhone 12
95%
2021IPhone 13
95%
2010IPhone 4
95%
2014IPhone 6
95%
2016IPhone 7
95%
2022IPhone 14
94%
2012IPhone 5
94%
2017IPhone 8
94%
2022IPhone 14 Pro
84%
2020IPhone 12 Pro
82%
2021IPhone 13 Pro
82%
2019IPhone 11 Pro
80%
2015IPhone 6s
79%
2018IPhone XS
79%
2020IPhone 12 Pro Max
77%
2022IPhone 14 Pro Max
77%
2021IPhone 13 Pro Max
76%
2013IPhone 5s
76%
2016IPhone SE
75%
2017IPhone 8 Plus
74%
2011IPhone 4s
73%
2019IPhone 11 Pro Max
72%
2016IPhone 7 Plus
72%
2014IPhone 6 Plus
70%
2018IPhone XR
70%
2020IPhone 12 Mini
64%
2008IPhone 3G
64%
2013IPhone 5c
64%
2021IPhone 13 Mini
62%
2009IPhone 3GS
60%
2021IPhone SE (2nd Generation)
58%
2022IPhone 14 Plus
57%
2015IPhone 6s Plus
55%
2018IPhone XS Max
54%
2023IPhone SE (3rd Generation)
32%

Score Distribution

Percentile by Number Answered

Percent of People with Each Score

Your Score History

You have not taken this quiz since the last reset